[Event "EU-Cup 17th"]
[Site "Panormo"]
[Date "2001.09.23"]
[Round "1.5"]
[White "Movsesian, Sergei"]
[Black "Haimovich, Tal"]
[Result "1-0"]
[WhiteElo "2627"]
[BlackElo "2304"]
[Annotator "Movsesian,S"]
[PlyCount "99"]
[EventDate "2001.09.22"]
[EventType "team-swiss"]
[EventRounds "7"]
[EventCountry "GRE"]
[SourceTitle "CBM 084 Extra"]
[Source "ChessBase"]
[SourceDate "2001.10.26"]
[SourceVersion "1"]
[SourceVersionDate "2001.10.26"]
[SourceQuality "1"]
[WhiteTeam "Sarajevo Bosna"]
[BlackTeam "Herzliya"]
[WhiteTeamCountry "BIH"]
[BlackTeamCountry "ISR"]

1. e4 e6 2. d4 d5 3. e5 c5 4. c3 Qb6 5. Nf3 Nc6 6. a3 Nh6 7. b4 cxd4 8. cxd4
Nf5 9. Bb2 Bd7 10. h4 Rc8 (10... Be7 $6 11. h5 $5 (11. g4 Nh6 12. Rg1 f6 13.
exf6 gxf6 14. Bd3 Nf7 15. Qe2 O-O-O $13 {Svidler-Beliavsky, Novosibirsk 95})
11... Rc8 12. Qd2 O-O 13. Bd3 $16 {Motylev-Miljanic, Bucharest 2000}) 11. g4
Nfe7 $5 $146 (11... Nh6 12. Rg1 Na5 $5 (12... Be7 13. Nc3 Qd8 14. Bd3 f6 15. g5
$14 {Kozak-Wegener, Elista (ol) 98}) 13. Nfd2 Be7 14. Bc3 Nc4 15. Nxc4 dxc4 16.
Nd2 O-O $13 {Kozak-Antonio, Las Vegas (wch) 99}) 12. Nc3 Na5 $1 (12... h5 $6
13. Na4 Qd8 14. gxh5 $14 {[%cal Ga4c5]}) 13. Na4 Qc6 14. Nc5 (14. b5 $2 Qc7 15.
Nc5 Nc4 16. Bxc4 dxc4 17. a4 Nd5 $17 {and black is "in control"}) 14... Nc4 15.
Bc1 h5 16. gxh5 Nf5 17. Bh3 Nh6 $6 {White almost never threats to take on f5,
as white squares will become very weak, so there was no serious reason to play
this move. Now white gets important tempi to re-group.} (17... b6 $5 {and
black shouldn't be worried about the future at all}) 18. O-O b6 19. Nd3 Qa4 20.
Qe2 a5 21. Bg5 Nxa3 22. bxa5 b5 $5 (22... bxa5 23. Rfc1 Rxc1+ 24. Bxc1 Bb5 25.
Bxa3 Bxa3 26. Qa2 Bxd3 27. Qxa3 Qxa3 28. Rxa3 $14 {[%csl Re8,Rh6] and white
has a comfortable endgame}) 23. Rfc1 Rxc1+ 24. Bxc1 b4 25. Nc5 Bxc5 26. dxc5
Qxa5 27. Qe3 Qa4 (27... O-O 28. Bxa3 bxa3 29. Rxa3 Qc7 30. Rc3 $16 {[%cal
Yf3d4,Ye3g5,Yc3g3]}) 28. Bxa3 bxa3 29. Rxa3 Qd1+ 30. Kg2 O-O 31. Rd3 Qb1 32.
Nd4 Ra8 $138 33. Rb3 Qd1 34. Nf3 $6 (34. c6 $1 Bxc6 35. Nxc6 Ra1 36. Ne7+ Kh8
37. Kg3 $1 $18) 34... Rc8 35. Rc3 Bb5 36. Rc1 Qd3 37. Qxd3 Bxd3 38. Nd4 Kf8 39.
f4 $1 Ng8 40. f5 exf5 41. Bxf5 Bxf5 42. Nxf5 Nh6 (42... Ne7 43. Nd6 Rc7 44. Ra1
Nc6 45. Ra8+ Ke7 46. Ne8 $1 $18) 43. Nd6 Rc6 44. Kf3 Ke7 45. Ke3 f6 (45... Ke6
46. Kd4 $22 $18 Ng4 47. Ne8 $1) 46. Kd4 Ng4 47. Nf5+ Kf8 48. e6 $1 Ne5 49. Kxd5
Rc8 50. e7+ 1-0

[Event "ARM-ch"]
[Site "Yerevan"]
[Date "2005.05.04"]
[Round "6"]
[White "Minasian, Artashes"]
[Black "Galstian, Beniamin"]
[Result "1/2-1/2"]
[WhiteElo "2597"]
[BlackElo "2448"]
[Annotator "Mueller,Karsten"]
[PlyCount "123"]
[EventDate "2005.04.29"]
[EventType "tourn"]
[EventRounds "11"]
[EventCountry "ARM"]
[EventCategory "11"]
[SourceTitle "CBM 107"]
[Source "ChessBase"]
[SourceDate "2005.08.01"]
[SourceVersion "1"]
[SourceVersionDate "2005.08.01"]
[SourceQuality "1"]

1. e4 e6 2. d4 d5 3. e5 c5 4. c3 Qb6 5. Nf3 Bd7 6. a3 a5 7. Bd3 Bb5 8. Bxb5+
Qxb5 9. a4 Qb6 10. O-O Nc6 11. Na3 cxd4 12. Nb5 dxc3 13. bxc3 Nh6 14. Rb1 Qd8
15. Bxh6 gxh6 16. c4 Nb4 17. Qd4 Bg7 18. Qc5 Bf8 19. Qe3 Rc8 20. cxd5 Nxd5 21.
Qe4 Be7 22. Qg4 Kf8 23. Qe4 Kg7 24. Rb3 Rg8 25. Nfd4 Kh8 26. Kh1 Rc4 27. f4 Bc5
28. Rd3 Nb4 29. Rd2 Nc6 30. Nd6 Bxd6 31. Nxc6 Rxe4 32. Nxd8 Rxd8 33. exd6 Rxa4
34. f5 exf5 35. Kg1 Rd7 36. Rxf5 b6 37. Re5 Kg7 38. Re8 Rc4 39. Rd3 h5 40. Re1
Rc6 41. Red1 a4 42. Rd5 a3 43. R1d2 Rc5 44. Rxc5 bxc5 45. Ra2 Ra7 46. d7 Rxd7
47. Rxa3 Kf6 48. Rc3 Rc7 49. Kf2 Ke5 50. Ke3 c4 51. Kd2 Kd4 52. Ra3 Rb7 53. Kc2
Re7 54. Kd2 Re5 55. Rf3 f5 56. Rf4+ Kc5 57. Kc3 Re3+ 58. Kd2 Re5 59. Kc3 Kb5
60. Rxc4 Re3+ 61. Kd2 Rh3 $4 (61... Ra3 {kam so gut wie sicher.}) 62. Rf4
1/2-1/2

[Event "Bundesliga 0506"]
[Site "Germany"]
[Date "2005.11.13"]
[Round "4.6"]
[White "Movsesian, Sergei"]
[Black "Kindermann, Stefan"]
[Result "1-0"]
[WhiteElo "2635"]
[BlackElo "2535"]
[Annotator "Mueller,Karsten"]
[PlyCount "209"]
[EventDate "2005.10.21"]
[EventType "team-tourn"]
[EventRounds "15"]
[EventCountry "GER"]
[SourceTitle "CBM 110"]
[Source "ChessBase"]
[SourceDate "2006.01.31"]
[SourceVersion "1"]
[SourceVersionDate "2006.01.31"]
[SourceQuality "1"]
[WhiteTeam "Baden-Baden"]
[BlackTeam "Tegernsee"]
[WhiteTeamCountry "GER"]
[BlackTeamCountry "GER"]

1. e4 e6 2. d4 d5 3. e5 c5 4. c3 Nc6 5. Nf3 Bd7 6. Be2 Nge7 7. Na3 Ng6 8. h4
cxd4 9. cxd4 Bb4+ 10. Kf1 Be7 11. g3 O-O 12. h5 Nh8 13. Nc2 f6 14. Bf4 Nf7 15.
Ne3 fxe5 16. dxe5 Ng5 17. h6 g6 18. Ng4 Ne4 19. Nd2 Nxf2 20. Nxf2 g5 21. Bd3
Kh8 22. Qg4 Rf7 23. Be3 d4 24. Bxd4 Nxd4 25. Qxd4 Bc6 26. Qxd8+ Rxd8 27. Ke2
Rxf2+ 28. Kxf2 Rxd3 29. Ke2 Rxg3 30. Rag1 Bb5+ 31. Kf2 Rd3 32. Ne4 Bc6 33. Rg4
Kg8 34. Rc1 Kf7 35. Nxg5+ Kg6 36. Nxh7+ Kxh7 37. Rg7+ Kxh6 38. Rxe7 Bd5 39. Rc2
Kg6 40. a3 Rf3+ 41. Ke2 Rh3 42. Ke1 Rh1+ 43. Kd2 Rh2+ 44. Kc3 Rxc2+ 45. Kxc2
Kf5 46. Kd3 Kxe5 47. Rd7 Bc6 48. Rd8 a6 49. Kc4 Kf4 50. Kd4 e5+ 51. Kd3 Bb5+
52. Kd2 Ke4 53. b3 Bc6 54. Kc3 Ke3 55. Rd3+ Kf4 56. a4 Bf3 57. Rd7 Bc6 58. Rd6
Ke3 59. Kc4 e4 60. Kc3 Kf3 61. Kd4 Ke2 62. Rf6 Kd2 63. Rf2+ Kc1 64. Rh2 Kd1 65.
a5 Kc1 66. b4 Kd1 67. Rh3 Kc2 68. Rg3 Kb2 69. Rc3 Bb5 70. Re3 Bc6 71. Rg3 Kc2
72. b5 axb5 73. Rc3+ Kd2 74. a6 bxa6 75. Rxc6 e3 76. Rxa6 e2 77. Ra2+ Kd1 78.
Ra1+ Kd2 79. Ra2+ Kd1 80. Kd3 e1=N+ 81. Kc3 Nf3 82. Rf2 Ne5 83. Rf5 Ng4 84. Kd3
Ke1 85. Rxb5 Nf2+ 86. Ke3 Nd1+ 87. Kf3 Kd2 88. Rd5+ Kc2 89. Rd8 Nc3 90. Rd7 Nb5
91. Ke3 Nc3 92. Rc7 Kb3 93. Kd3 Na2 94. Rb7+ Nb4+ 95. Kd4 Ka3 96. Kc4 Na2 97.
Rb3+ Ka4 98. Rb8 Ka3 99. Rb6 Nc1 100. Rb7 {[%tqu "De","Finden Sie den einzigen
Remiszug!","","","c1a2","",2]} Na2 $1 (100... Ka2 $2 101. Kc3 Ne2+ 102. Kc2
Nd4+ 103. Kd3 Nb3 {Sonst wird das Roß von seinem Herrn getrennt, gejagt und
schließlich eingefangen:} (103... Nc6 104. Rc7 Ne5+ 105. Kd4 Ng6 106. Ke4 Kb3
107. Rg7 Nf8 108. Kf5 Kc4 109. Rf7 $18) 104. Rb5 Ka3 105. Kc3 $18) (100... Ne2
$2 101. Rb3+ Ka2 102. Re3 Nc1 103. Kc3 Nb3 104. Re5 Nc1 105. Re8 Kb1 106. Re1
$18) 101. Rb3+ Ka4 102. Rh3 Nb4 103. Rh8 Nc6 $4 (103... Na6 104. Ra8 Ka5 $11)
104. Ra8+ Na5+ 105. Kc5 $22 1-0

[Event "Belgrade GMA op"]
[Site "Belgrade"]
[Date "1988.??.??"]
[Round "?"]
[White "Sveshnikov, Evgeny"]
[Black "Razuvaev, Yuri S"]
[Result "1-0"]
[WhiteElo "2450"]
[BlackElo "2535"]
[Annotator "Nesis,G/Sveshnikov,E"]
[PlyCount "63"]
[EventDate "1988.12.??"]
[EventType "swiss"]
[EventRounds "9"]
[EventCountry "YUG"]
[SourceTitle "TD"]
[Source "ChessBase"]
[SourceDate "1994.03.01"]
[SourceVersion "1"]
[SourceVersionDate "1994.03.01"]
[SourceQuality "1"]

1. e4 c5 2. c3 e6 {Häufiger wird 2....d5 oder 2....Nf6 gespielt.} (2... d5 3.
exd5 Qxd5 4. d4 Nf6 5. Nf3 e6) (2... Nf6 3. e5 Nd5 4. d4 cxd4 5. cxd4 d6) 3. d4
d5 4. e5 {[%mdl 4] So ist durch Zugumstellung aus der Sizilianischen eine
Französische Verteidigung entstanden.} Nc6 {Eine naheliegende Antwort. Zu
erwähnen ist auch die Idee von R.Wade, wonach Schwarz mittels Bc8-d7-b5 die
weissfeldrigen Läufer - noch vor der Entwicklung der Springer - abzutauschen
sucht:} (4... Qb6 5. Nf3 Bd7 6. Be2 ({zu beachten wäre hier das geschmeidige} 
6. a3 $5 {z.B.:} cxd4 7. cxd4 Bb5 8. Bxb5+ Qxb5 9. Nc3 Qa6 10. Ne2 {mit
gefährlicher weisser Initiative nach der Rochade.}) 6... cxd4 7. cxd4 Bb5 8.
Nc3 ({oder} 8. Bxb5+ Qxb5 9. Nc3 Qa6 10. Ne2 Bb4+ 11. Bd2 Bxd2+ 12. Qxd2 Ne7 {
mit einer festen, aber passiven Stellung.}) 8... Bb4 9. O-O Bxc3 10. bxc3 Bxe2
11. Qxe2 Qa6 {mit weiterer Postierung der Springer auf c6 und d7.}) 5. Nf3 {
Die beste Fortsetzung.} (5. f4 $143 {um dem Punkt e5 zusätzlichen Schutz zu
bieten, ist schwächer:} Qb6 6. Nf3 Nh6 $1 7. b3 (7. Kf2 cxd4 8. cxd4 Nf5 (8...
Ng4+ $143 9. Kg3 $11) 9. Nc3 Bd7 10. Na4 Qa5 11. b3 Rc8 12. g4 Nfxd4 $5 13.
Nxd4 Nxd4 14. Qxd4 b5 15. Bd2 Rc2 16. Ke3 Qc7 $17 17. Bd3 bxa4 $5 18. b4 $15 (
18. Bxc2 Bc5)) 7... cxd4 8. cxd4 Bb4+ 9. Kf2 Nf5 10. Bb2 Ncxd4 $17) (5. Qg4
$143 {bringt Weiss auch nichts:} cxd4 6. cxd4 Qb6 7. Nf3 Nh6 $17 {mit
ausgezeichnetem Spiel für Schwarz.}) 5... Bd7 (5... Qb6 {ist die andere
Hauptfortsetzung:} 6. Bd3 $5 cxd4 ({schwächer ist} 6... Bd7 $143 {wegen} 7.
dxc5 $1 Bxc5 8. O-O f6 9. b4 Be7 10. Bf4 {mit starkem weissen Druck.}) 7. cxd4
Bd7 (7... Nxd4 $4 {ist eine bekannte Eröffnungsfalle:} 8. Nxd4 Qxd4 9. Bb5+ {
[%csl Rd4]})) 6. Bd3 $5 {Diese gambitartige Fortsetzung, nach einem englischen
Schachmeister Milner-Barry-Gambit genannt, ergibt unklares und verwickeltes
Spiel. Für rasche Entwicklung und Initiative opfert Weiss den Bauern d4.} cxd4
(6... Qb6 $6 {Sveshnikov} 7. dxc5 $1 Bxc5 8. O-O (8. b4 $5 Bxf2+ 9. Ke2 $44)
8... a5 9. a4 {/\ Na3}) 7. cxd4 Qb6 (7... Nb4 8. Be2 $16 {Sveshnikov}) 8. Nc3
Nxd4 9. Nxd4 Qxd4 10. O-O (10. Qe2 $5 {Sveshnikov}) 10... a6 ({Gefährlich ist} 
10... Qxe5 $5 11. Re1 Qd6 12. Nb5 Qb6 13. Be3 Qa5 14. Bd2 Qb6 $13 {mit
dauerhafter weisser Initiative, doch bei präzisem Spiel müsste Schwarz sich
verteidigen können}) 11. Qe2 Ne7 (11... g6 $5 {Sveshnikov}) (11... Qa7 {
Sveshnikov}) (11... Rc8 {Keres}) 12. Kh1 $1 ({Schwächer ist} 12. Rd1 $143 Nc6
13. Bxa6 Qxe5 14. Qxe5 Nxe5 15. Bxb7 Ra7 16. Bxd5 exd5 17. Re1 f6 18. f4 Bc5+
19. Kh1 $19 {mit schwarzer Überlegenheit.}) 12... Nc6 13. f4 Nb4 ({Interessant
ist auch} 13... Bc5 14. a3 Na5) 14. Rd1 $1 Nxd3 15. Rxd3 Qc4 $6 ({Bessere
Chancen, das Spiel auszugleichen würde} 15... Qb6 $142 {bieten:} 16. Be3 Bc5
17. Bxc5 Qxc5 18. f5 d4 $1 19. b4 Qc7 (19... Qxb4 20. Qg4 O-O 21. f6 g6 22. Qg5
Rfd8 23. Rxd4 Qf8 (23... Qxc3 24. Rad1 Qc5 25. Rd6 Kh8 26. Qh6 Rg8 27. Rxd7
Raf8 28. Qf4)) 20. Rad1) 16. b3 $1 ({Nach} 16. Be3 {wäre} Bb4 $1 $17 {am
stärksten.(Sveshnikov)} (16... Bc5 $15)) 16... Qc7 17. Bb2 Bc6 {N} (17... Rc8
18. f5 $1 $40 {Sveshnikov}) 18. Rc1 Rd8 ({Nach} 18... Be7 {setzt Weiss mit} 19.
f5 $1 $40 {ohne weiteres seinen Angriff fort.}) 19. Qf2 $1 Be7 (19... d4 20.
Ne2 $1 $14 {Sveshnikov}) 20. Ne2 O-O 21. Nd4 Qd7 22. f5 {Nach günstiger
Mobilmachung seiner Kräfte im Zentrum geht Weiss zum Angriff auf den
gegnerischen Königsflügel über.} exf5 (22... Bg5 23. f6 $16 {Sveshnikov}) 23.
Rg3 $1 {Weiss greift energisch an.} ({Die Fortsetzung} 23. Nxf5 d4 $1 24. Rxd4
Qe6 {hätte dem schwarzen Bc6 neues Leben eingeflößt.}) 23... g6 (23... Bh4 $2
24. Rxg7+ $1 Kxg7 25. Qxh4 $18 {[%cal Yh4f6,Rb2h8,Yd4c6,Ye5e6] Sveshnikov}) 24.
Qf4 $1 {Weiss droht mit dem Manöver Qh6 und R h3+-.} Rfe8 25. Nxf5 {[%csl Rf7]
[%cal Yf5h6] /\ Nh6} Bf8 26. Bd4 $1 {Eine kaltblütige Entscheidung. Weiss
lässt die Befreiung des schwarzen Bc6 nicht zu, sodass dieser bis zuletzt
nicht aus seinem Verlies herauskommt, d.h. für ihn keine aktive Teilnahme am
Spiel möglich ist.} Re6 ({Zu schweren Folgen würde der schwarze Versuch führen,
sich mittels} 26... f6 {zu entfesseln:} 27. exf6 Re4 (27... Qf7 $142 28. Nh6+
Bxh6 29. Qxh6 Re4 $16) 28. Ne7+ (28. Qf2 Rde8) 28... Kf7 29. Qg5 $5 (29. Qf2
$16) 29... Rxd4 30. Nxg6 Bd6 31. Ne5+ Bxe5 32. Qxe5 $18 {-> Sveshnikov}) 27.
Nh6+ Bxh6 ({Bei} 27... Kg7 {würde} 28. Rf1 $18 {den Kampf entscheiden.}) 28.
Qxh6 Rde8 29. Rf1 $18 Qc7 $6 (29... Rxe5 $2 30. Re3 f6 31. Bxe5 fxe5 32. Rxe5
$18 {Sveshnikov}) (29... Bb5 $142) 30. Rh3 f5 31. exf6 Qf7 ({Nichts hilft} 
31... Re1 32. Qxh7+ $1 Qxh7 33. f7+ Kf8 ({auf} 33... Qxf7 {ist ein pikantes
Mattfinale möglich:} 34. Rh8#) 34. fxe8=Q+ Kxe8 35. Rxe1+ $18) 32. Qxh7+ 1-0

[Event "RUS-Cup01 Chigorin Memorial"]
[Site "St Petersburg"]
[Date "1996.??.??"]
[Round "8"]
[White "Vysochin, Spartak"]
[Black "Smikovski, Ivan"]
[Result "1-0"]
[WhiteElo "2480"]
[BlackElo "2545"]
[Annotator "Notkin,M"]
[PlyCount "85"]
[EventDate "1996.11.??"]
[EventType "swiss"]
[EventRounds "9"]
[EventCountry "RUS"]
[SourceTitle "CBM 056 Extra"]
[Source "ChessBase"]
[SourceDate "1997.03.01"]
[SourceVersion "1"]
[SourceVersionDate "1997.03.01"]
[SourceQuality "1"]

1. e4 e6 2. d4 d5 3. e5 c5 4. c3 Qb6 5. Nf3 Nc6 6. a3 Nh6 7. b4 cxd4 8. cxd4
Nf5 9. Bb2 Bd7 10. g4 Nh6 11. h3 (11. Rg1 f6 12. exf6 gxf6 13. Nc3 Nf7 14. Na4
Qd8 15. Nc5 b6 16. Nxd7 Qxd7 17. Rc1 Ncd8 18. h4 $16 {Vasiukov,E-Bukhman,E/St.
Petersburg/1994/1:0/30/}) 11... Rc8 (11... f6 12. Bd3 Nf7 13. Nbd2 fxe5 14.
dxe5 Be7 15. Rc1 Ng5 16. h4 Nxf3+ 17. Qxf3 Nd4 18. Qe3 Nb5 19. Nf3 Qxe3+ 20.
fxe3 $16 {Sveshnikov,E-Lputian,S/Tilburg/1992/1:0/39/}) 12. Nc3 Na5 13. Na4 Qc6
14. Nc5 Nc4 15. Bc1 Be7 $2 (15... Ng8 16. Bd3 Bxc5 17. dxc5 b6 18. cxb6 Qxb6
19. O-O Ne7 20. Bxc4 $2 dxc4 21. Be3 Qb7 22. Bc5 h5 $17 {Haba,P-Dizdar,G/GER/
1991/0:1/40/}) 16. Bd3 b6 17. Nxd7 Kxd7 (17... Qxd7 18. O-O Ng8 19. Nd2 (19.
Qe2 h5 $132) 19... f6 20. Qe2 $16) 18. O-O Ng8 19. Nd2 $1 Bh4 (19... b5 20. Nb3
$16) (19... Nxd2 20. Bxd2 $16) 20. Qf3 Ne7 (20... f6 21. Nxc4 dxc4 22. Be4 Qc7
23. Bf4 $18) 21. Nxc4 dxc4 22. Be4 Nd5 23. Qxf7+ Be7 24. f4 (24. Qxg7 h5 25.
Bg5 $1 $16) 24... g6 $2 (24... Rcf8 25. Qh5 (25. Qxg7 $2 h5) 25... g6 26. Qh6
Rhg8 27. Kh2 $16) 25. b5 $1 Qxb5 26. f5 $18 gxf5 27. gxf5 Rhg8+ 28. Kh1 Qb3 29.
Bf3 (29. Qxe6+ Kc7 30. f6 Rg3 31. Qxd5 Rxh3+ 32. Kg1 Qg3+ 33. Bg2 Qh2+ 34. Kf2
Qg3+ 35. Ke2 Qd3+ 36. Ke1 Qc3+ (36... Re3+ 37. Kf2 Re2+ 38. Kg1 $18) 37. Bd2
Qxa1+ (37... Re3+ 38. Kf2 Qxd2+ 39. Kg1 $18) 38. Kf2 $18) 29... Rg3 (29... Qd3
30. Rf2 Qxd4 31. Qxe6+ Kc7 32. Qxd5 Qxf2 33. Be3 Qxe3 34. Qc6+ Kd8 35. Rd1+ Qd3
36. Rxd3+ cxd3 37. Qd5+ Kc7 38. f6 $18) 30. Qxe6+ Kc7 31. Qxd5 Rxh3+ 32. Kg2
Qd3 33. f6 (33. Bf4 $18) 33... Rxf3 34. Rxf3 Qe2+ 35. Kh3 Rg8 36. Qxg8 Qxf3+
37. Qg3 Qh5+ (37... Qh1+ 38. Kg4 Qe4+ 39. Bf4 $18) 38. Kg2 Qe2+ 39. Kg1 Qd1+
40. Kf2 Qc2+ (40... Qxd4+ 41. Be3 Qb2+ 42. Kf3) 41. Ke1 Qe4+ 42. Be3 Qh1+ 43.
Qg1 1-0